Biggest Countries in Africa by Area - Whammies - Statistics

General Stats
  • This quiz has been taken 41 times
  • The average score is 12 of 15
Answer Stats
Answer % Correct
Algeria
97%
D. R. Congo
95%
South Africa
95%
Sudan
95%
Libya
89%
Chad
86%
Niger
86%
Mali
81%
Angola
78%
Mauritania
78%
Egypt
76%
Ethiopia
76%
Namibia
70%
Nigeria
65%
Tanzania
62%
No matching quizzes found
Score Distribution
Percent of People with Each Score
Percentile by Number Answered
Your Score History
You have not taken this quiz